00361pab a2200133 454500008004000000100002100040245005100061260000900112300001500121362001200136650002100148700001900169773003900188180718b2000 xxu||||| |||| 00| 0 eng d aPratap, Surendra aSpatial configurations of industrial relations c2000 ap.1137-142 aOct-Dec aLabour relations aChandra, Navin aIndian Journal of Labour Economics